Annual Report 2016, របាយការណ៍ប្រចាំឆ្នាំ២០១៦ (Record no. 25178)
[ view plain ]
| 000 -LEADER | |
|---|---|
| fixed length control field | 00378nam a22001217a 4500 |
| 040 ## - CATALOGING SOURCE | |
| Transcribing agency | RUA |
| 082 ## - DEWEY DECIMAL CLASSIFICATION NUMBER | |
| Classification number | ANN OUK 2016 A.126 Or.1 |
| 100 ## - MAIN ENTRY--AUTHOR NAME | |
| Personal name | OUK MAKARA, អ៊ុក ម៉ាការា |
| 245 ## - TITLE STATEMENT | |
| Title | Annual Report 2016, របាយការណ៍ប្រចាំឆ្នាំ២០១៦ |
| 260 ## - PUBLICATION, DISTRIBUTION, ETC. (IMPRINT) | |
| Place of publication | PHNOM PENH |
| Name of publisher | RUA |
| Year of publication | 2016 |
| 300 ## - PHYSICAL DESCRIPTION | |
| Number of Pages | v, |
| Other physical details | ill, |
| Dimensions | 29cm, |
| 942 ## - ADDED ENTRY ELEMENTS (KOHA) | |
| Koha item type | ឯកសារស្រាវជ្រាវ |
| 952 ## - LOCATION AND ITEM INFORMATION (KOHA) | |
| Withdrawn status [LOCAL, KOHA] | 0 |
| Permanent Location | Date acquired | Koha item type | Lost status | Shelving location | Barcode | Current Location | Full call number |
|---|---|---|---|---|---|---|---|
| Library Block A | 2025-06-06 | ឯកសារស្រាវជ្រាវ | A126 | A083781 | Library Block A | ANN OUK 2016 A.126 Or.1 |